00848 a2200169 4500003000500000005001700005010001600022020003100038040000900069082001800078100002100096245006600117260005800183300003200241505037100273650003400644Nust20221130112919.0 a 73092764 a0844803030 (Crane, Russak) cNust00a621.38152,CAR1 aCarroll, John E.10aPhysical models for semiconductor devices /cJohn E. Carroll. aLondon,bE. Arnold;aNew York,bCrane, Russak,c1974. axiv, 253 p.billus.c24 cm. aSemiconductor Devices (Page-1), Semiconductor Materials (Page-7), Conduction and Equilibrium in Solids (Page-34), P-N Junction (Page-55), Amplifiers and Control Devices using p-n Junction (Page-84), Waves in Crystals (Page-125), Devisees using Metal –Semiconductor –Insulator Combinations (Page-150), Hot Electron Devices (Page-177), Optical Devices (Page-204).  0aTelecommunication Engineering